Super pancake / written by Megan Wagner Lloyd ; ... Read More
Available copies
- 2 of 2 copies available at LARL/NWRL Consortium.
- 2 of 2 copies available at Lake Agassiz Regional Library. (Show preferred library)
Current holds
0 current holds with 2 total copies.
Show Only Available Copies
| Location | Call Number / Copy Notes | Barcode | Shelving Location | Status | Due Date |
|---|---|---|---|---|---|
| Crookston Public Library | J G LLO (Text) | 33500013752324 | Main | Available | - |
| Moorhead Public Library | J G LLO (Text) | 33500013752316 | Main | Available | - |
Record details
- ISBN: 9780593378441
- ISBN: 059337844X
- ISBN: 9780593378458
- ISBN: 0593378458
- ISBN: 9780593378472
- ISBN: 0593378474
- Physical Description: 169 pages : chiefly color illustrations ; 21 cm.
- Edition: First edition.
- Publisher: New York : Alfred A. Knopf, [2023]
- Copyright: ©2023.
Content descriptions
| General Note: | "This is a Borzoi book published by Alfred A. Knopf"--Title page verso "1"--Spine Chiefly illustrations. |
| Summary, etc.: | "It's a bird! It's a plane! It's a ... pancake? ... Read More Life in Breakfast Town is pretty uneventful for ... Read More |
Search for related items by subject
| Subject: | Pancakes, waffles, etc. > Comic books, strips, etc. Superheroes > Comic books, strips, etc. Ability > Comic books, strips, etc. Friendship > Comic books, strips, etc. Graphic novels. |
| Genre: | Humorous comics. Superhero comics. Graphic novels. Comics (Graphic works) |
Search for related items by series
| LDR | 02796cam a2200541 i 4500 | ||
|---|---|---|---|
| 001 | 402468 | ||
| 003 | LARL_NWRL_CONSORTIUM | ||
| 005 | 20240617222845.0 | ||
| 008 | 230208t20232023nyua b 6 000 1 eng d | ||
| 040 | . | ‡aNjBwBT ‡beng ‡erda ‡cOQX ‡dOQX ‡dJVK ‡dJO6 ‡dOCLCQ ‡dYBM ‡dOQX ‡dRNL | |
| 020 | . | ‡a9780593378441 ‡q(hardcover) | |
| 020 | . | ‡a059337844X ‡q(hardcover) | |
| 020 | . | ‡a9780593378458 ‡q(library binding) | |
| 020 | . | ‡a0593378458 ‡q(library binding) | |
| 020 | . | ‡a9780593378472 ‡q(paperback) | |
| 020 | . | ‡a0593378474 ‡q(paperback) | |
| 035 | . | ‡a(OCoLC)1369146295 | |
| 082 | 0 | 4. | ‡a741.5/973 ‡223/eng/20221019 |
| 100 | 1 | . | ‡aLloyd, Megan Wagner, ‡eauthor. ‡0(LARL_NWRL_CONSORTIUM)223138 |
| 245 | 1 | 0. | ‡aSuper pancake / ‡cwritten by Megan Wagner Lloyd ; illustrated by Abhi Alwar. |
| 250 | . | ‡aFirst edition. | |
| 264 | 1. | ‡aNew York : ‡bAlfred A. Knopf, ‡c[2023] | |
| 264 | 4. | ‡c©2023. | |
| 300 | . | ‡a169 pages : ‡bchiefly color illustrations ; ‡c21 cm. | |
| 336 | . | ‡atext ‡btxt ‡2rdacontent | |
| 336 | . | ‡astill image ‡bsti ‡2rdacontent | |
| 337 | . | ‡aunmediated ‡bn ‡2rdamedia | |
| 338 | . | ‡avolume ‡bnc ‡2rdacarrier | |
| 490 | 0 | . | ‡aSuper pancake ; ‡v1 |
| 500 | . | ‡a"This is a Borzoi book published by Alfred A. Knopf"--Title page verso | |
| 500 | . | ‡a"1"--Spine | |
| 500 | . | ‡aChiefly illustrations. | |
| 520 | . | ‡a"It's a bird! It's a plane! It's a ... pancake? Here is a delightfully clever and endearingly funny graphic novel about a pancake named Peggy, who accidentally develops superhero abilities and must defend her home of Breakfast Town"-- ‡cProvided by publisher | |
| 520 | . | ‡aLife in Breakfast Town is pretty uneventful for Peggy Pancake. Her parents are always on her case, she's stuck in her perfect brother's shadow, and she just can't seem to avoid the Bacon Bullies at school. That is until one day, after an accidental mixup, Peggy finds herself with superhero abilities. . . . Now Peggy can flip! She can fight! She can FLY! With the help of her new friend, Luc Croissant, Peggy must master her newfound skills. But danger is lurking in the Maple Mountains, where the evil Dr. Breakfast Sandwich and his wicked Henchtoasts are plotting something sinister. Can Peggy harness her powers and save all that is dear? Find out in: SUPER PANCAKE! | |
| 650 | 0. | ‡aPancakes, waffles, etc. ‡vComic books, strips, etc. | |
| 650 | 0. | ‡aSuperheroes ‡vComic books, strips, etc. | |
| 650 | 0. | ‡aAbility ‡vComic books, strips, etc. | |
| 650 | 0. | ‡aFriendship ‡vComic books, strips, etc. | |
| 650 | 1. | ‡aGraphic novels. ‡0(LARL_NWRL_CONSORTIUM)40036 | |
| 655 | 7. | ‡aHumorous comics. ‡2lcgft | |
| 655 | 7. | ‡aSuperhero comics. ‡2lcgft | |
| 655 | 7. | ‡aGraphic novels. ‡2lcgft | |
| 655 | 7. | ‡aComics (Graphic works) ‡2lcgft | |
| 700 | 1 | . | ‡aAlwar, Abhi, ‡eartist. |
| 901 | . | ‡a402468 ‡bOCoLC ‡c402468 ‡tbiblio ‡soclc | |

Add to basket
Permalink
Disable Highlighting